000 00716nam a2200193Ia 4500
008 240729s9999 xx 000 0 und d
022 _a3008-637X
245 0 _aJuridical Tribune - Review of Comparative and International Law
260 _aRomania
260 _bADJURIS – International Academic Publisher
650 _a Comparative law. International uniform law | Law
650 _a Law in general. Comparative and uniform law. Jurisprudence
650 _a Law in general. Comparative and uniform law. Jurisprudence
650 _a Private international law. Conflict of laws
650 _aLaw
856 _uhttps://doaj.org/toc/822e55c93baf465cb8333e37ab697b64
942 _2ddc
942 _cDOAJEJ
999 _c67534
_d67534
945 _a1
_bMadushi Gamage
_c1
_dMadushi Gamage